000 00676nam a22001697a 4500
999 _c9944
_d9944
008 180723b ||||| |||| 00| 0 eng d
082 _22018
_aUT 0956
_bD18
100 _929364
_aDanial, Roaida Tarhata M.
245 _aAssessment of calculator proficiency among grade 9 students at digos city national high school/
_cRoaida Tarhata M. Danial, Lilyrose A. Pareja and Arkisa I. Ansa.
260 _aDigos City:
_bUMDC
_cMarch 2018.
300 _a50 pages;
_b29.5 cm.
650 0 _929365
_aEducation.
_vMathematics
_xUndergraduate thesis.
700 _929367
_aDanial, Roaida Tarhata M.
700 _929368
_aPareja, Lilyrose A.
700 _929369
_aAnsa, Arkisa I.
942 _2ddc
_cUT